Appellations of Bordeaux - Statistics

General Stats
  • This quiz has been taken 741 times
    618 since last reset
  • The average score is 8 of 15
Answers on the Map
Answers color-coded by a green-red scale on the quiz's map according to % correct below.
 
Answer Stats
Answer % Correct
Entre-Deux-Mers
72%
Saint-Émilion
60%
Haut-Médoc
59%
Graves
58%
Médoc
58%
Pomerol
57%
Sauternes
57%
Margaux
55%
Côtes de Bordeaux
53%
Pessac-Léognan
53%
Bordeaux Supérieur
51%
Barsac
50%
Pauillac
47%
Saint-Estèphe
46%
Saint-Julien
40%
No matching quizzes found
Score Distribution
Percent of People with Each Score
Percentile by Number Answered
Your Score History
You have not taken this quiz since the last reset